Mort subite Les enfants des années 10 - Statistiques

Statistiques générales
  • Ce quiz a été pris 24 fois
  • Le résultat moyen est 5 sur 40
Answers on the Grid
Answers color-coded by a green-red scale on the quiz's grid according to % correct below.
Bonnie Parker
Luis Mariano
Maurice Clavel
Anthony Quinn
Juan Manuel Fangio
Maurice Biraud
Indira Gandhi
Georges Prêtre
Django Reinhardt
Andreï Sakharov
Carmen Miranda
Jean-Paul Ier
Jean-Marc Thibault
Hélène Boucher
Eddie Constantine
Jacques Chaban-Delmas
Christian Dior
Luis Mariano
Gene Tierney
Pierre Boulle
Léopold Sédar Senghor
Fred Mella
Michel Debré
Carole Lombard
François Périer
Raymond Aron
Francis Lemarque
John Wayne
David Niven
Olivia de Havilland
Tino Rossi
Roger Couderc
César
Victor Vasarely
Pierre Soulages
Jacques-Yves Cousteau
Errol Flynn
Robert Laffont
Karl Malden
Marcel Mouloudji
Vivien Leigh
Louis de Funès
Nicolae Ceaușescu
Jean Carmet
Ian Fleming
Peter Ustinov
Robert Taylor
Jacques Tati
Fontaine
Charles Hernu
Willy Brandt
Greta Garbo
Suzanne Flon
Joe DiMaggio
Charles Aznavour
André Cayatte
Dino Risi
Louise Brooks
Gérard Philipe
Tsilla Chelton
Hergé
Georges Pompidou
Augusto Pinochet
François Chaumette
Menahem Begin
Léonid Brejnev
Jean-Paul II
Tex Avery
Patachou
Jean Piat
Arthur Miller
Félix Houphouët-Boigny
Marcel Marceau
Judy Garland
Jean Marais
Guy Laroche
Jackie Sardou
Elia Kazan
Tennessee Williams
Gregory Peck
 
Statistiques - réponses
Réponse % Correct
1914 Luis Mariano
100%
1910 Bonnie Parker
67%
1914 Louis de Funès
67%
1915 Anthony Quinn
33%
1917 Eddie Constantine
33%
1919 François Périer
33%
1919 Jackie Sardou
33%
1915 Jacques Chaban-Delmas
33%
1910 Jacques-Yves Cousteau
33%
1911 Juan Manuel Fangio
33%
1916 Robert Laffont
33%
1913 Willy Brandt
33%
1915 Arthur Miller
0%
1915 Augusto Pinochet
0%
1910 David Niven
0%
1916 Dino Risi
0%
1910 Django Reinhardt
0%
1917 Fontaine
0%
1917 Francis Lemarque
0%
1911 Georges Pompidou
0%
1916 Gregory Peck
0%
1917 Indira Gandhi
0%
1913 Jean Marais
0%
1912 Jean-Paul Ier
0%
1914 Joe DiMaggio
0%
1912 Karl Malden
0%
1914 Luis Mariano
0%
1913 Menahem Begin
0%
1912 Michel Debré
0%
1918 Nicolae Ceaușescu
0%
1916 Olivia de Havilland
0%
1918 Patachou
0%
1912 Pierre Boulle
0%
1919 Pierre Soulages
0%
1911 Robert Taylor
0%
1918 Roger Couderc
0%
1918 Suzanne Flon
0%
1911 Tennessee Williams
0%
1919 Tsilla Chelton
0%
1913 Vivien Leigh
0%
Aucun quiz correspondant
Distribution des résultats
% des personnes avec chaque résultat
Percentile par nombre de réponses
Votre historique - résultats
Vous n’avez pas pris ce quiz